| 000 | 01197nam a22003377a 4500 | ||
|---|---|---|---|
| 003 | CHAP | ||
| 005 | 20220329140442.0 | ||
| 008 | 971013s1982 r 00010 d | ||
| 010 | _a52180 | ||
| 011 | _a53152 | ||
| 035 | _a57302 | ||
| 040 | _cCHAP | ||
| 090 | _aTesis | ||
| 100 | 0 | 0 |
_aRomero Manzanares, Angélica. _999615 |
| 245 | _aEstudio de tres leguminosas forrajeras arbustivas de los agostaderos del Altiplano Potosino Zacatecano | ||
| 260 |
_aCuernavaca, Mor. : _bEl autor, _c1982 |
||
| 300 |
_a254 h. _b: ilus. ; gráfs. ; mapas |
||
| 502 | _aTesis (Bióloga) -- Universidad Autónoma del Estado de Morelos. Escuela de Ciencias Biológicas | ||
| 590 |
_aALEPH _b10 _c20130110 _lUCH01 _h1328 |
||
| 590 |
_aBATCH-UPD _b10 _c20130110 _lUCH01 _h0551 |
||
| 590 |
_aBATCH-UPD _b10 _c20130410 _lUCH01 _h0233 |
||
| 590 |
_aBATCH-UPD _b10 _c20130914 _lUCH01 _h1720 |
||
| 590 |
_aCONVERSION _b10 _c20130109 _lUCH01 _h1328 |
||
| 650 | 1 | 4 |
_aLeguminosas _xZacatecas. _965854 |
| 650 | 1 | 4 |
_aLeguminosas _zSan Luis Potosí. _965864 |
| 650 | 1 | 4 |
_aPlantas forrajeras. _988943 |
| 901 | _aBK | ||
| 942 | _cFOLL | ||
| 949 |
_bBC _cTES _d-124735 _eTS1 _i57302 _si |
||
| 949 |
_bBC _cTES _d-124736 _eTS2 _fc.2 _i57302 _si |
||
| 999 |
_c52180 _d52180 |
||